| 000 | 00444pam a2200157 a 4500 | ||
|---|---|---|---|
| 020 |
_a97807506633666 _c |
||
| 041 | _h | ||
| 082 |
_a617 _bWAT/GAZ |
||
| 100 | _aWATKINSON, J .C.,GAZE, M .N.,.WILSON, J .A. | ||
| 245 |
_aSTELL AND MARAN`S HEAD AND NECK SURGERY / _cNULL. _hTextual Documents |
||
| 250 |
_a4ED / _b. |
||
| 260 |
_aNULL : _bHODDER ARNOLD , _c2000. |
||
| 300 |
_a520 : : _bVIII ; ; _cA4 . + _eHB. |
||
| 930 | _a2930 | ||
| 999 |
_c797465 _d797465 |
||
| 650 | _aENT | ||